000 00315nam a22001457a 4500
008 210427b ||||| |||| 00| 0 eng d
020 _a1571133283
041 _aeng
080 _a572
082 _a572
100 _a24
101 _aANT
245 _aThe German Quarterly
_cFriederike Eigler
942 _2udc
_cBK
999 _c56853
_d56853